| 000 | 00363nam a2200145Ia 4500 | ||
|---|---|---|---|
| 008 | 230917s9999||||xx |||||||||||||| ||und|| | ||
| 040 |
_e83122 _aMAIN |
||
| 041 | _aEnglish | ||
| 082 | _a512.5 G374L | ||
| 100 | _aGilbert, Jimmie | ||
| 245 | 0 | _aLinear algebra and matrix theory | |
| 260 |
_aSan Diego _bAcademic Press _c1995 |
||
| 300 | _aix, 394 p. | ||
| 942 | _cBK | ||
| 999 |
_c95584 _d95584 |
||